[Event "SVK-chT 9798"]
[Site "SVK"]
[Date "1998.??.??"]
[Round "5"]
[White "Lipka, Juraj"]
[Black "Timoscenko, Genadij"]
[Result "1/2-1/2"]
[WhiteElo "2335"]
[BlackElo "2520"]
[PlyCount "20"]
[EventDate "1997.??.??"]
[Source "www.chesslib.no"]
[SourceDate "2004.05.04"]

1. e4 e5 2. Nf3 Nc6 3. Nc3 Nf6 4. Bb5 Bb4 5. O-O O-O 6. Bxc6 dxc6 7. Nxe5 Re8 8. Nd3 Bxc3 9. dxc3 Nxe4 10. Qf3 Nd6 1/2-1/2

[Event "ARG-ch"]
[Site "Buenos Aires"]
[Date "2000.10.12"]
[Round "3"]
[White "Rosito, Jorge"]
[Black "Sorin, Ariel"]
[Result "0-1"]
[WhiteElo "2354"]
[BlackElo "2490"]
[PlyCount "76"]
[EventDate "2000.10.10"]
[Source "ChessBase"]
[SourceDate "2000.11.10"]

1. e4 e5 2. Nf3 Nc6 3. Nc3 Nf6 4. Bb5 Bb4 5. O-O O-O 6. Bxc6 dxc6 7. d3 Qe7 8. Ne2 Nh5 9. Ng3 Nf4 10. c3 Bd6 11. d4 f6 12. Re1 Be6 13. Be3 Rad8 14. Qc2 Qf7 15. b3 Qg6 16. Bxf4 exf4 17. Nf5 Rfe8 18. Rad1 Bc8 19. Kh1 Bf8 20. b4 Qh5 21. Qd2 g6 22. N5h4 g5 23. Nf5 Bxf5 24. exf5 g4 25. Ng1 Qxf5 26. f3 h5 27. Rxe8 Rxe8 28. Re1 Rxe1 29. Qxe1 Kf7 30. Qe4 Qxe4 31. fxe4 b5 32. Ne2 Bh6 33. g3 f3 34. Nf4 Bxf4 35. gxf4 f5 36. e5 h4 37. Kg1 g3 38. hxg3 h3 0-1

[Event "It"]
[Site "Podgorica MNE"]
[Date "2007.12.11"]
[Round "3"]
[White "Podlesnik, B."]
[Black "Nestorovic, N."]
[Result "0-1"]
[WhiteElo "2401"]
[BlackElo "2436"]
[PlyCount "104"]
[EventDate "2007.12.09"]
[Source "www.chesslib.no"]
[SourceDate "2004.05.04"]

1. e4 e5 2. Nf3 Nc6 3. Nc3 Nf6 4. Bb5 Bb4 5. O-O O-O 6. Bxc6 dxc6 7. d3 Nd7 8. Ne2 Re8 9. Bg5 f6 10. Be3 Nf8 11. Nh4 Bd6 12. Kh1 c5 13. b3 g6 14. f4 exf4 15. Bxf4 Bxf4 16. Nxf4 g5 17. Nd5 gxh4 18. Nxf6+ Kh8 19. Nxe8 Qxe8 20. Qe1 Qe7 21. Qc3+ Kg8 22. Rf6 Be6 23. Raf1 Ng6 24. h3 b6 25. Qd2 Rf8 26. Qg5 Rxf6 27. Rxf6 Qd7 28. Rxg6+ hxg6 29. Qxg6+ Kf8 30. Qh6+ Ke8 31. Qh8+ Ke7 32. Qxh4+ Kd6 33. c3 Kc6 34. Qf6 Kb7 35. Kg1 Bg8 36. d4 cxd4 37. cxd4 Bh7 38. Qe5 Qc6 39. Kf2 Bxe4 40. g4 Bg2 41. Qe3 Qc2+ 42. Kg3 Bd5 43. h4 Qxa2 44. h5 Qxb3 45. Qxb3 Bxb3 46. g5 a5 47. g6 a4 48. h6 a3 49. h7 a2 50. h8=Q a1=Q 51. Qf6 Qe1+ 52. Kg4 Qe6+ 0-1

[Event "Valle d'Aosta op 10th"]
[Site "Valle d'Aosta"]
[Date "2002.02.10"]
[Round "2"]
[White "Drabke, Lorenz"]
[Black "Jonkman, Harmen"]
[Result "0-1"]
[WhiteElo "2325"]
[BlackElo "2498"]
[PlyCount "84"]
[EventDate "2002.02.09"]
[Source "ChessBase"]
[SourceDate "2002.03.14"]

1. e4 e5 2. Nf3 Nc6 3. Nc3 Nf6 4. Bb5 Bb4 5. O-O O-O 6. Bxc6 dxc6 7. Nxe5 Re8 8. Nd3 Bxc3 9. dxc3 Nxe4 10. Re1 Bf5 11. Bf4 Re7 12. f3 Nd6 13. Rxe7 Qxe7 14. Qe1 Re8 15. Qxe7 Rxe7 16. Re1 Rxe1+ 17. Nxe1 f6 18. Kf2 g5 19. Be3 b6 20. Ke2 c5 21. Nd3 c4 22. Nb4 c5 23. Nd5 Kf7 24. Kd2 Be6 25. Nc7 Bd7 26. b4 cxb3 27. cxb3 c4 28. Nd5 Be6 29. Nb4 cxb3 30. axb3 Bxb3 31. Kd3 Bc4+ 32. Kc2 Bf1 33. g3 Nc4 34. Bd4 Bg2 35. Nd5 Ne5 36. f4 Nf3 37. Ne3 Bh3 38. fxg5 fxg5 39. Bh8 Nxh2 40. Be5 Ke6 41. Bb8 a6 42. Kb3 Nf1 0-1

[Event "Gausdal Int"]
[Site "Gausdal NOR"]
[Date "1992.??.??"]
[Round "2"]
[White "Pliester, Leon"]
[Black "Davies, Nigel R"]
[Result "0-1"]
[WhiteElo "2355"]
[BlackElo "2460"]
[PlyCount "64"]
[EventDate "1992.08.??"]
[Source "www.chesslib.no"]
[SourceDate "2004.05.04"]

1. e4 e5 2. Nf3 Nc6 3. Nc3 Nf6 4. Bb5 Bb4 5. O-O O-O 6. Bxc6 dxc6 7. d3 Bd6 8. Ne2 Re8 9. Ng3 Bf8 10. b3 c5 11. Bb2 Nd7 12. Nd2 Nb8 13. f4 exf4 14. Rxf4 Nc6 15. Qf1 Be6 16. Rf2 a5 17. a4 Nd4 18. Nf3 Ra6 19. Nxd4 cxd4 20. Ne2 Bc5 21. Nf4 Bc8 22. Nd5 f5 23. Re1 fxe4 24. dxe4 d3 25. cxd3 Bxf2+ 26. Qxf2 Rg6 27. Rf1 Rf8 28. Qxf8+ Qxf8 29. Rxf8+ Kxf8 30. Ba3+ Kf7 31. Nxc7 Bh3 32. g3 Rf6 0-1

[Event "Budapest FS06 GM"]
[Site "Budapest HUN"]
[Date "1993.??.??"]
[Round "8"]
[White "Blauert, Joerg"]
[Black "Barkhagen, Jonas"]
[Result "0-1"]
[WhiteElo "2395"]
[BlackElo "2410"]
[PlyCount "194"]
[EventDate "1993.06.??"]
[Source "www.chesslib.no"]
[SourceDate "2004.05.04"]

1. e4 e5 2. Nf3 Nc6 3. Nc3 Nf6 4. Bb5 Bb4 5. O-O O-O 6. Bxc6 dxc6 7. Nxe5 Bxc3 8. dxc3 Nxe4 9. Bf4 Bf5 10. Nc4 Qh4 11. g3 Qf6 12. Qd4 Rfd8 13. Qxf6 Nxf6 14. Ne3 Bh3 15. Rfd1 Rdc8 16. Be5 Nd7 17. Bf4 Nf6 18. c4 Be6 19. f3 h5 20. Kg2 Nd7 21. h3 f6 22. g4 g6 23. Rd2 Nf8 24. Rad1 Kf7 25. b3 b6 26. Bg3 a6 27. Kf2 b5 28. Ng2 hxg4 29. hxg4 bxc4 30. Nf4 cxb3 31. axb3 c5 32. Nxe6 Kxe6 33. Re2+ Kf7 34. Rde1 Re8 35. Rxe8 Rxe8 36. Rxe8 Kxe8 37. Bxc7 Ne6 38. Ba5 f5 39. gxf5 gxf5 40. c3 Kd7 41. Ke3 Kc6 42. b4 Kb5 43. Kd3 Nf4+ 44. Kc2 Nd5 45. Kb3 Ne3 46. Bc7 c4+ 47. Kb2 Nd5 48. Be5 Ne7 49. Bf6 Ng6 50. Kc2 Nf4 51. Be5 Nd5 52. Bd4 Ka4 53. Be5 Ka3 54. Bd6 Ka2 55. Be5 Ne3+ 56. Kd2 Nd5 57. Kc2 f4 58. Bd6 Ne3+ 59. Kd2 Ng2 60. Kc2 Ne1+ 61. Kd1 Nxf3 62. Bxf4 Kb3 63. Ke2 Nh4 64. Be5 Ng6 65. Bg7 Nf4+ 66. Ke3 Nd5+ 67. Kd2 Nc7 68. Be5 Nb5 69. Bg7 Kb2 70. Be5 Na3 71. Ke3 Nb5 72. Kd2 Kb3 73. Bf6 Na3 74. Kc1 Nc2 75. Be5 Ne3 76. Kd2 Ng4 77. Bd4 Kb2 78. Bg7 Ka2 79. Ke2 Kb3 80. Kf3 Nh6 81. Ke4 Nf7 82. Kd5 Ng5 83. Bd4 Nf3 84. Bf6 Nd2 85. Kc6 Ne4 86. Bd4 Nxc3 87. Kb6 Nb5 88. Be5 Kxb4 89. Kxa6 Kc5 90. Ka5 Nd4 91. Ka4 c3 92. Ka3 Kc4 93. Bf4 Kd3 94. Ka2 Nf3 95. Kb1 Kc4 96. Kc2 Nd4+ 97. Kb1 Kb3 0-1

[Event "CRO-Cup"]
[Site "Rabac"]
[Date "2003.05.29"]
[Round "4"]
[White "Doric, Nenad"]
[Black "Rade, Miroslav"]
[Result "0-1"]
[WhiteElo "2395"]
[BlackElo "2390"]
[PlyCount "96"]
[EventDate "2003.05.26"]
[Source "Roberto Alvarez"]
[SourceDate "2003.06.03"]

1. e4 e5 2. Nf3 Nc6 3. Nc3 Nf6 4. Bb5 Bb4 5. O-O O-O 6. Bxc6 dxc6 7. Nxe5 Re8 8. Nd3 Bxc3 9. dxc3 Nxe4 10. Qf3 Nd6 11. Bf4 Qf6 12. Rfe1 Be6 13. Qh5 Bf5 14. Be5 Qg6 15. Qxg6 hxg6 16. b3 f6 17. Bxd6 cxd6 18. h4 Kf7 19. f3 Rxe1+ 20. Rxe1 a5 21. a3 Rh8 22. g3 g5 23. hxg5 fxg5 24. Kg2 Bh3+ 25. Kg1 Be6 26. Nf2 d5 27. Nd3 Bf5 28. Ne5+ Kf6 29. Ng4+ Bxg4 30. fxg4 b5 31. Rf1+ Ke6 32. Kg2 a4 33. bxa4 bxa4 34. Rb1 Ra8 35. Kf3 Ra5 36. Ke3 Ra7 37. Rb4 Kd6 38. Rb8 Re7+ 39. Kd2 Re4 40. Rb4 Ke5 41. Rb6 Rc4 42. Rb4 Rxb4 43. cxb4 Kd4 44. c3+ Kc4 45. Kc2 g6 46. Kd2 Kb3 47. Kd3 Kxa3 48. Kc2 Ka2 0-1

[Event "JUG Team Ch"]
[Site "Nis YUG"]
[Date "1995.??.??"]
[Round "?"]
[White "Certic, Branimir"]
[Black "Vujosevic, Vladimir"]
[Result "1/2-1/2"]
[WhiteElo "2435"]
[BlackElo "2350"]
[PlyCount "60"]
[EventDate "1995.??.??"]
[Source "www.chesslib.no"]
[SourceDate "2004.05.04"]

1. e4 e5 2. Nf3 Nc6 3. Nc3 Nf6 4. Bb5 Bb4 5. O-O O-O 6. Bxc6 dxc6 7. Qe1 Bd6 8. d3 Nd7 9. Be3 c5 10. Qd2 Nb8 11. Ne1 Nc6 12. f4 exf4 13. Bxf4 Bxf4 14. Qxf4 f6 15. Nd5 Rf7 16. Nf3 Be6 17. Ne3 Qd6 18. Qh4 c4 19. Rad1 cxd3 20. Rxd3 Qb4 21. b3 Re8 22. c4 Qc5 23. Qf2 Bc8 24. Rd5 Qe7 25. Re1 Qa3 26. Nf5 Be6 27. Rdd1 Bxf5 28. exf5 Rfe7 29. Rxe7 Qxe7 30. h3 Qe3 1/2-1/2

[Event "RUS-ch U20"]
[Site "Vladimir"]
[Date "2002.03.09"]
[Round "8"]
[White "Kim, Alexey"]
[Black "Yashtylov, Anatolij"]
[Result "1-0"]
[WhiteElo "2414"]
[BlackElo "2370"]
[PlyCount "74"]
[EventDate "2002.03.01"]
[Source "ChessBase"]
[SourceDate "2002.05.03"]

1. e4 e5 2. Nf3 Nc6 3. Nc3 Nf6 4. Bb5 Bb4 5. O-O O-O 6. Bxc6 bxc6 7. Nxe5 Bxc3 8. dxc3 Qe8 9. Nd3 Qxe4 10. Re1 Qh4 11. Qf3 Ba6 12. Ne5 Rab8 13. Qf5 Rfe8 14. Bf4 Qh5 15. Qg5 Bc8 16. Qg3 Qf5 17. Nd3 d6 18. f3 Ba6 19. Nb4 Bb7 20. Qg5 Qd7 21. c4 Re6 22. Nd3 Rbe8 23. Bd2 c5 24. Bc3 h6 25. Qg3 Bc6 26. b3 Kf8 27. Kf1 Rxe1+ 28. Rxe1 Re6 29. Rxe6 Qxe6 30. Bxf6 Qxf6 31. Qe1 Qd8 32. Qa5 Qb8 33. Nxc5 Kg8 34. Na6 Qc8 35. Nxc7 Kh7 36. Nd5 Qf5 37. Qd2 Qe5 1-0

[Event "Hessen-chT 9697"]
[Site "?"]
[Date "1997.??.??"]
[Round "?"]
[White "Tseitlin Mikhail S"]
[Black "Degenhardt Horst"]
[Result "1/2-1/2"]
[WhiteElo "2425"]
[BlackElo "2350"]
[PlyCount "58"]
[EventDate "1997.??.??"]
[Source "www.chesslib.no"]
[SourceDate "2004.05.04"]

1. e4 e5 2. Nf3 Nc6 3. Nc3 Nf6 4. Bb5 Bb4 5. O-O O-O 6. Bxc6 dxc6 7. d3 Qe8 8. Ne2 Bg4 9. Ng3 Nh5 10. h3 Nxg3 11. fxg3 Bxf3 12. Qxf3 Bc5+ 13. Kh2 Qe6 14. g4 Rad8 15. b3 Bd4 16. Rb1 Bc3 17. Rf2 Qd6 18. a4 a5 19. Be3 Bd4 20. Rbf1 b5 21. Qg3 bxa4 22. bxa4 c5 23. g5 c4 24. Rf6 Qc5 25. Bxd4 Qxd4 26. R6f5 cxd3 27. cxd3 Qxa4 28. Qxe5 Qc6 29. Qe7 Qd6+ 1/2-1/2

[Event "Sueder Sommer op 11th"]
[Site "Recklinghausen"]
[Date "2000.07.27"]
[Round "6"]
[White "Fridman, Rafael"]
[Black "Inkiov, Ventzislav"]
[Result "1/2-1/2"]
[WhiteElo "2351"]
[BlackElo "2416"]
[PlyCount "94"]
[EventDate "2000.07.22"]
[Source "www.chesslib.no"]
[SourceDate "2004.05.04"]

1. e4 e5 2. Nf3 Nc6 3. Nc3 Nf6 4. Bb5 Bb4 5. O-O O-O 6. Bxc6 bxc6 7. Nxe5 Bxc3 8. dxc3 Qe8 9. Nf3 Qxe4 10. Re1 Qd5 11. Bg5 Ne4 12. Bf4 d6 13. Qd4 Nc5 14. Qxd5 cxd5 15. b3 Ne6 16. a3 c5 17. Rad1 Bb7 18. Bc1 Rfe8 19. Ng5 h6 20. Nh3 g5 21. f3 Kg7 22. Nf2 f5 23. Bb2 Kf7 24. c4 d4 25. c3 dxc3 26. Bxc3 Rad8 27. Nd3 Bc6 28. Rd2 h5 29. Rde2 g4 30. fxg4 hxg4 31. Rf2 Kg6 32. Rxe6+ Rxe6 33. Nf4+ Kf7 34. Nxe6 Kxe6 35. Re2+ Be4 36. Bd2 d5 37. cxd5+ Rxd5 38. Kf2 a6 39. Kg3 Rd3+ 40. Kf4 Rd7 41. Be3 Rh7 42. Bxc5 Rxh2 43. Kg3 Rh1 44. Rd2 Rc1 45. Bd4 Rf1 46. Be3 Ke5 47. Bd4+ Ke6 1/2-1/2

[Event "Reggio Emilia ITA"]
[Site "Reggio Emilia ITA"]
[Date "1986.??.??"]
[Round "?"]
[White "Martorelli, Antonio"]
[Black "Antunes, Antonio"]
[Result "1-0"]
[WhiteElo "2305"]
[BlackElo "2455"]
[PlyCount "77"]
[EventDate "1986.??.??"]
[Source "www.chesslib.no"]
[SourceDate "2004.05.04"]

1. e4 e5 2. Nf3 Nc6 3. Nc3 Nf6 4. Bb5 Bb4 5. O-O O-O 6. Bxc6 dxc6 7. d3 Nd7 8. Ng5 Bd6 9. Ne2 Nc5 10. Kh1 f6 11. Nf3 Ne6 12. Rg1 c5 13. Be3 Bd7 14. Nd2 b5 15. f3 Nd4 16. g4 Be6 17. Ng3 Kh8 18. Rg2 Rf7 19. c3 Nc6 20. Qg1 Be7 21. Nb3 c4 22. dxc4 Bxc4 23. Rd1 Qe8 24. Bc5 Nd8 25. Rgd2 g6 26. Na5 Be6 27. Bxe7 Qxe7 28. b4 Rf8 29. a3 a6 30. Qe3 Nf7 31. Nc6 Qe8 32. Qc5 Nd6 33. Nf1 Nb7 34. Qe3 Qxc6 35. Qh6 Qe8 36. Ne3 Qe7 37. Nd5 Bxd5 38. Rxd5 Rad8 39. Rd7 1-0

[Event "Buenos Aires GP1"]
[Site "Buenos Aires ARG"]
[Date "1994.??.??"]
[Round "8"]
[White "Garcia, Raimundo"]
[Black "Celis, Gustavo"]
[Result "1/2-1/2"]
[WhiteElo "2395"]
[BlackElo "2345"]
[PlyCount "81"]
[EventDate "1994.??.??"]
[Source "www.chesslib.no"]
[SourceDate "2004.05.04"]

1. e4 e5 2. Nf3 Nc6 3. Nc3 Nf6 4. Bb5 Bb4 5. O-O O-O 6. Bxc6 dxc6 7. d3 Bd6 8. h3 h6 9. d4 Nd7 10. Be3 b6 11. Rc1 Qf6 12. Qd2 Bb7 13. Ne2 Qg6 14. Nc3 Qf6 15. Rfd1 Rfe8 16. dxe5 Nxe5 17. Nxe5 Bxe5 18. Bd4 Bxd4 19. Qxd4 Qxd4 20. Rxd4 Red8 21. Rxd8+ Rxd8 22. Rd1 Rd6 23. f4 f6 24. Kf2 Kf7 25. Ke3 Ke6 26. h4 a6 27. h5 c5 28. Rd3 f5 29. g3 b5 30. e5 Rxd3+ 31. cxd3 Bc6 32. d4 b4 33. d5+ Bxd5 34. Na4 Bxa2 35. Nxc5+ Ke7 36. Nxa6 Kd7 37. Nxb4 Bf7 38. Nc2 Bxh5 39. Nd4 Bg4 40. b4 c6 41. Kf2 1/2-1/2

[Event "FRA-chT"]
[Site "France"]
[Date "2002.04.01"]
[Round "7.6"]
[White "Carton, Camille"]
[Black "Flear, Glenn C"]
[Result "0-1"]
[WhiteElo "2221"]
[BlackElo "2511"]
[PlyCount "108"]
[EventDate "2002.02.01"]
[Source "ChessBase"]
[SourceDate "2002.07.08"]

1. e4 e5 2. Nf3 Nc6 3. Nc3 Nf6 4. Bb5 Bb4 5. O-O O-O 6. Bxc6 bxc6 7. Nxe5 Re8 8. d4 Bxc3 9. bxc3 Nxe4 10. Qf3 Nd6 11. Ba3 f6 12. Bxd6 cxd6 13. Ng4 Ba6 14. Rfe1 Rxe1+ 15. Rxe1 Bc4 16. Qg3 Qf8 17. Nh6+ Kh8 18. Nf5 Bxa2 19. Nxd6 a5 20. Ra1 Be6 21. c4 a4 22. c5 Qb8 23. Qa3 h6 24. h3 Qa7 25. Rb1 Qa6 26. c4 Bg8 27. f4 f5 28. Rb4 Be6 29. Kh2 Kh7 30. Kg1 Kh8 31. Kh2 Kh7 32. Kg1 Qa5 33. Kh2 Kh8 34. Nb7 Qa7 35. Nd6 Kg8 36. Rb7 Qa5 37. Rb4 Kh8 38. Nb7 Qa7 39. Nd6 Kh7 40. Rb7 Qa5 41. d5 cxd5 42. cxd5 Bxd5 43. Rxd7 Qd2 44. Qg3 Qxg2+ 45. Qxg2 Bxg2 46. Kxg2 a3 47. Nxf5 a2 48. Rd1 a1=Q 49. Rxa1 Rxa1 50. c6 Rc1 51. Ne7 g6 52. Kf3 Kg7 53. f5 g5 54. Ke4 Re1+ 0-1

[Event "Protvino"]
[Site "Protvino"]
[Date "1992.??.??"]
[Round "?"]
[White "Iuldachev, Saidali"]
[Black "Margoline, Boris"]
[Result "1/2-1/2"]
[WhiteElo "2370"]
[BlackElo "2345"]
[PlyCount "35"]
[EventDate "1992.??.??"]
[Source "www.chesslib.no"]
[SourceDate "2004.05.04"]

1. e4 e5 2. Nf3 Nc6 3. Nc3 Nf6 4. Bb5 Bb4 5. O-O O-O 6. Bxc6 bxc6 7. Nxe5 Qe8 8. Nd3 Bxc3 9. dxc3 Qxe4 10. Re1 Qg6 11. Qf3 Qg4 12. Qxg4 Nxg4 13. Bf4 Nf6 14. Bxc7 d5 15. Be5 Ne8 16. Bd4 Nc7 17. Re7 Nb5 18. Bc5 1/2-1/2

[Event "17th Senior WCh"]
[Site "Gmunden AUT"]
[Date "2007.09.25"]
[Round "8"]
[White "Shabanov, Y."]
[Black "Van Geet, D."]
[Result "1/2-1/2"]
[WhiteElo "2431"]
[BlackElo "2271"]
[PlyCount "157"]
[EventDate "2007.09.17"]
[Source "www.chesslib.no"]
[SourceDate "2004.05.04"]

1. e4 e5 2. Nf3 Nc6 3. Nc3 Nf6 4. Bb5 Bb4 5. O-O O-O 6. Bxc6 dxc6 7. d3 Bxc3 8. bxc3 Re8 9. h3 Nd7 10. Nh2 Nf8 11. f4 exf4 12. Bxf4 Ng6 13. Bg3 Be6 14. Qh5 Qd7 15. Nf3 Re7 16. Nd4 f6 17. Qc5 Ne5 18. Bxe5 fxe5 19. Nf3 b6 20. Qe3 Qd6 21. Rf2 Rf8 22. Raf1 Ree8 23. c4 Bd7 24. Nd2 c5 25. Kh2 Qg6 26. Nf3 Qh5 27. Ng1 Ba4 28. Ne2 Qh4 29. Ng3 Bd7 30. c3 Qe7 31. d4 exd4 32. cxd4 cxd4 33. Qxd4 Qd6 34. Rxf8+ Rxf8 35. Qxd6 cxd6 36. Rd1 Be6 37. Rxd6 Bxc4 38. a3 g6 39. h4 Re8 40. Kg1 Kf7 41. Kf2 Re6 42. Rd4 b5 43. a4 a6 44. Ke3 Ke7 45. a5 Rc6 46. e5 Rc5 47. Kf4 Rd5 48. Ne2 Ke6 49. Re4 Bxe2 50. Rxe2 Rd4+ 51. Kg5 Ra4 52. g4 Rxa5 53. Kh6 b4 54. Kxh7 Rxe5 55. Rc2 Kd5 56. Kxg6 b3 57. Rc8 Re6+ 58. Kf5 Rb6 59. g5 b2 60. Rd8+ Kc6 61. Rd1 b1=Q+ 62. Rxb1 Rxb1 63. g6 Rf1+ 64. Ke6 a5 65. g7 Rg1 66. Kf7 a4 67. g8=Q Rxg8 68. Kxg8 a3 69. h5 a2 70. h6 a1=Q 71. h7 Qg1+ 72. Kf7 Qf2+ 73. Kg7 Qg3+ 74. Kf7 Qf4+ 75. Kg7 Kd7 76. h8=Q Ke7 77. Qh7 Qf7+ 78. Kh6 Qxh7+ 79. Kxh7 1/2-1/2

[Event "2. MZT-Turnier"]
[Site "Oberland"]
[Date "2003.??.??"]
[Round "11"]
[White "Blauert, Joerg"]
[Black "Pilz, Dieter"]
[Result "1/2-1/2"]
[WhiteElo "2369"]
[BlackElo "2312"]
[PlyCount "64"]
[EventDate "2003.08.21"]
[Source "Roberto Alvarez"]
[SourceDate "2003.09.01"]

1. e4 e5 2. Nf3 Nc6 3. Nc3 Nf6 4. Bb5 Bb4 5. O-O O-O 6. Bxc6 bxc6 7. Nxe5 Bxc3 8. dxc3 Nxe4 9. Qd4 Nd6 10. Bf4 f6 11. Nc4 Ba6 12. Bxd6 cxd6 13. Rfe1 Bxc4 14. Qxc4+ Rf7 15. b4 d5 16. Qd3 Qf8 17. a3 Re7 18. c4 dxc4 19. Qxc4+ Qf7 20. Qc5 Rae8 21. Kf1 Re5 22. Rxe5 Rxe5 23. Qxa7 Qc4+ 24. Kg1 Qc3 25. Rf1 d5 26. Qc5 Qxa3 27. Qxc6 Qxb4 28. Qc8+ Kf7 29. Qd7+ Qe7 30. Qc6 Qe6 31. Qc7+ Qe7 32. Qc6 Qe6 1/2-1/2

[Event "Montecatini Terme, ITA"]
[Site "?"]
[Date "2001.11.10"]
[Round "10"]
[White "Drei Andrea"]
[Black "Naumkin Igor"]
[Result "0-1"]
[WhiteElo "2250"]
[BlackElo "2414"]
[PlyCount "142"]
[EventDate "2001.??.??"]
[Source "www.chesslib.no"]
[SourceDate "2004.05.04"]

1. e4 e5 2. Nf3 Nc6 3. Nc3 Nf6 4. Bb5 Bb4 5. O-O O-O 6. Bxc6 dxc6 7. d3 Bd6 8. Bg5 h6 9. Bh4 g5 10. Bg3 Bg4 11. d4 exd4 12. Qxd4 Bxf3 13. e5 Be7 14. Qxd8 Bxd8 15. gxf3 Nh5 16. Rfe1 Re8 17. Rad1 Rc8 18. Ne4 b6 19. Rd7 Re6 20. Re3 Be7 21. Nc3 Kf8 22. Ne2 Ke8 23. Rdd3 Bc5 24. Re4 b5 25. Rc3 Bb6 26. Nd4 Bxd4 27. Rxd4 Rd8 28. Rxd8+ Kxd8 29. Rc5 Kd7 30. Kg2 Rg6 31. a4 a6 32. axb5 axb5 33. Kf1 Ng7 34. Rc3 Ne6 35. Rd3+ Kc8 36. Re3 Rg8 37. h4 Rd8 38. hxg5 hxg5 39. Rd3 Rxd3 40. cxd3 Nc5 41. Ke2 Na4 42. e6 f6 43. f4 gxf4 44. Bh4 Nxb2 45. Bxf6 Na4 46. Be5 Nc5 47. Bxf4 Nxe6 48. Be5 Kd7 49. d4 Ng5 50. Ke3 Nf7 51. Bf4 Nd6 52. Bg5 Ke6 53. Bd8 Kd5 54. Bxc7 Nf5+ 55. Kd3 Nxd4 56. Bf4 c5 57. Bh6 b4 58. Bf8 Ne6 59. Be7 Nf4+ 60. Ke3 Ng6 61. Bf6 Ne5 62. Kd2 Ng4 63. Bh4 Ne5 64. Bf6 Nf3+ 65. Ke3 Nd4 66. Kd2 c4 67. Be7 Nc6 68. Bf8 c3+ 69. Kd3 Ne5+ 70. Kc2 Kc4 71. f4 Nd3 0-1

[Event "ITA-ch46"]
[Site "Cesenatico ITA"]
[Date "1986.??.??"]
[Round "13"]
[White "Martorelli, Antonio"]
[Black "Belotti, Bruno"]
[Result "1-0"]
[WhiteElo "2305"]
[BlackElo "2355"]
[PlyCount "107"]
[EventDate "1986.??.??"]
[Source "www.chesslib.no"]
[SourceDate "2004.05.04"]

1. e4 e5 2. Nf3 Nc6 3. Nc3 Nf6 4. Bb5 Bb4 5. O-O O-O 6. Bxc6 dxc6 7. d3 Re8 8. Bg5 Bg4 9. h3 Bh5 10. g4 Bg6 11. Ne2 Bf8 12. Ng3 Qd6 13. Bxf6 Qxf6 14. h4 h6 15. Kg2 Qf4 16. Ng1 Qf6 17. Nf3 c5 18. g5 Qf4 19. Rh1 Qg4 20. h5 Bh7 21. gxh6 gxh6 22. Nh4 Qxd1 23. Raxd1 Be7 24. Nhf5 Bg5 25. a4 Red8 26. Kf3 a6 27. b3 Rd7 28. Ne3 f6 29. Ngf5 Kh8 30. Rdg1 Rf8 31. Ke2 Bg8 32. Nh4 Kh7 33. Ng6 Re8 34. Nf5 Be6 35. Ne3 Red8 36. Nh4 b5 37. axb5 axb5 38. Nhf5 c4 39. bxc4 bxc4 40. dxc4 Rd2+ 41. Kf3 Bxf5 42. Nxf5 Rxc2 43. Rd1 Rc3+ 44. Kg4 Bd2 45. Ne7 Rxc4 46. Kf5 Rd3 47. Rhg1 Rcd4 48. Rg6 Rd6 49. f4 Bxf4 50. Rxd3 Rxd3 51. Ke6 Bg5 52. Kf7 Rd7 53. Rg7+ Kh8 54. Kg6 1-0

[Event "BUL Ch sf"]
[Site "Sofia BUL"]
[Date "1992.??.??"]
[Round "5"]
[White "Stoinev, Metodi"]
[Black "Dimitrov, Atanas"]
[Result "0-1"]
[WhiteElo "2380"]
[BlackElo "2275"]
[PlyCount "52"]
[EventDate "1992.??.??"]
[Source "www.chesslib.no"]
[SourceDate "2004.05.04"]

1. e4 e5 2. Nf3 Nc6 3. Nc3 Nf6 4. Bb5 Bb4 5. O-O O-O 6. Bxc6 dxc6 7. d3 Nd7 8. Ne2 Re8 9. Ng3 Nf8 10. h3 Bd6 11. Bg5 f6 12. Be3 Ng6 13. Nh2 Be6 14. Ng4 Qd7 15. Nh5 Rf8 16. f3 Qe7 17. Kh1 Rad8 18. Qe1 Bc5 19. Bd2 Bd4 20. Rb1 Bxa2 21. Ra1 Be6 22. Qg3 f5 23. Nh2 f4 24. Qe1 Qg5 25. g4 Nh4 26. Ng3 fxg3 0-1

[Event "Cataluna-chT"]
[Site "ESP"]
[Date "1999.??.??"]
[Round "1"]
[White "Collado Forner, Jose"]
[Black "Padros Simon, Antoni"]
[Result "1/2-1/2"]
[WhiteElo "2350"]
[BlackElo "2295"]
[PlyCount "131"]
[EventDate "1999.??.??"]
[Source "www.chesslib.no"]
[SourceDate "2004.05.04"]

1. e4 e5 2. Nf3 Nc6 3. Nc3 Nf6 4. Bb5 Bb4 5. O-O O-O 6. Bxc6 dxc6 7. d3 Bg4 8. h3 Bxf3 9. Qxf3 Nd7 10. Ne2 Be7 11. Ng3 g6 12. Be3 Bf6 13. Rad1 c5 14. c3 Qe7 15. Qe2 Rad8 16. Rd2 Nb8 17. Bh6 Bg7 18. Bxg7 Kxg7 19. Qg4 Qe6 20. Qxe6 fxe6 21. Rfd1 Nc6 22. Nf1 Rf7 23. Nh2 Rfd7 24. Nf3 a5 25. Kf1 Kf6 26. Ke2 h6 27. Ke3 Ke7 28. a4 Kf6 29. Ne1 Ke7 30. Nc2 Kf6 31. Na1 Ke7 32. Nb3 b6 33. Na1 Kf6 34. Nc2 Ke7 35. Na3 Kf6 36. h4 Ke7 37. Rh1 Kf6 38. Rh3 Ke7 39. Rf3 Rf8 40. Rxf8 Kxf8 41. Rd1 Ke8 42. Rh1 Rf7 43. Rh3 Kd7 44. Rg3 Rf6 45. Nc4 Ke7 46. h5 g5 47. Ke2 Rf4 48. Rh3 Rf7 49. Ne3 Kf8 50. Rf3 Rxf3 51. Kxf3 Nd8 52. Ng4 Nf7 53. Ke3 Ke7 54. g3 Kd6 55. d4 exd4+ 56. cxd4 cxd4+ 57. Kxd4 e5+ 58. Kc4 c6 59. b3 Ke6 60. f3 Ke7 61. b4 axb4 62. Kxb4 Kd6 63. Ne3 Kc7 64. Nc4 c5+ 65. Kc3 Kc6 66. Ne3 1/2-1/2

[Event "WchJM-U16"]
[Site "Duisburg"]
[Date "1992.??.??"]
[Round "4"]
[White "Har-Zvi, Ronen"]
[Black "Ginzburg, Maximiliano"]
[Result "1-0"]
[WhiteElo "2350"]
[BlackElo "2275"]
[PlyCount "85"]
[EventDate "1992.??.??"]
[Source "www.chesslib.no"]
[SourceDate "2004.05.04"]

1. e4 e5 2. Nf3 Nc6 3. Nc3 Nf6 4. Bb5 Bb4 5. O-O O-O 6. Bxc6 dxc6 7. d3 Bxc3 8. bxc3 Re8 9. Nd2 Nd7 10. Nc4 Nb6 11. Ne3 Qd6 12. Qf3 Qg6 13. Kh1 h5 14. Bd2 Rf8 15. Rae1 Be6 16. c4 Nd7 17. Bc3 Rad8 18. Qe2 f6 19. f4 exf4 20. Rxf4 Qg5 21. Ref1 Ne5 22. Nf5 Rfe8 23. Bxe5 fxe5 24. R4f3 h4 25. Qf2 Bxf5 26. Rxf5 Qh6 27. h3 b6 28. Rf7 c5 29. Rxc7 Rf8 30. Rf7 Qd6 31. Kh2 Rde8 32. Rxf8+ Rxf8 33. Qxf8+ Qxf8 34. Rxf8+ Kxf8 35. g3 hxg3+ 36. Kxg3 Kf7 37. Kg4 Kf6 38. h4 g6 39. h5 gxh5+ 40. Kxh5 Ke6 41. a4 Kf7 42. Kg5 Ke6 43. Kg6 1-0

[Event "Parthenay Open"]
[Site "Parthenay FRA"]
[Date "1992.??.??"]
[Round "9"]
[White "Hauchard, Arnaud"]
[Black "Flear, Christine"]
[Result "1-0"]
[WhiteElo "2420"]
[BlackElo "2205"]
[PlyCount "89"]
[EventDate "1992.07.??"]
[Source "www.chesslib.no"]
[SourceDate "2004.05.04"]

1. e4 e5 2. Nf3 Nc6 3. Nc3 Nf6 4. Bb5 Bb4 5. O-O O-O 6. Bxc6 bxc6 7. Nxe5 Re8 8. d4 Bxc3 9. bxc3 Nxe4 10. Qf3 Nd6 11. Bf4 Ba6 12. Rfe1 Re6 13. Rab1 Qe7 14. d5 cxd5 15. Qxd5 Re8 16. h3 Bb7 17. Qc5 Qf6 18. Bg3 Bc6 19. Qxa7 h5 20. Nd3 Rxe1+ 21. Rxe1 Rxe1+ 22. Nxe1 Qxc3 23. f3 Nb5 24. Qb8+ Kh7 25. Qe8 Qd4+ 26. Bf2 Qd5 27. a4 Nc3 28. a5 Qxa5 29. Qxf7 Ne2+ 30. Kh1 Qg5 31. Qc4 Ng3+ 32. Kh2 Nf5 33. h4 Qd2 34. Kg1 Kg6 35. Nd3 Ne3 36. Qf4 Qd1+ 37. Kh2 Nf1+ 38. Kh3 Kh7 39. Qf5+ Kg8 40. Ne5 Bd5 41. Qxd7 Ne3 42. Qe8+ Kh7 43. Qxh5+ Kg8 44. Qe8+ Kh7 45. Bxe3 1-0

[Event "PER-chT"]
[Site "?"]
[Date "2000.??.??"]
[Round "?"]
[White "Murakami Jorge"]
[Black "Uria Javier"]
[Result "1/2-1/2"]
[WhiteElo "2280"]
[BlackElo "2325"]
[PlyCount "34"]
[EventDate "2000.??.??"]
[Source "www.chesslib.no"]
[SourceDate "2004.05.04"]

1. e4 e5 2. Nf3 Nc6 3. Nc3 Nf6 4. Bb5 Bb4 5. O-O O-O 6. Bxc6 dxc6 7. d3 Bd6 8. Bg5 h6 9. Bh4 c5 10. Qd2 c6 11. h3 Kh8 12. Nd1 g5 13. Nxg5 hxg5 14. Qxg5 Be7 15. Qxe5 Rg8 16. Ne3 Rg7 17. Rae1 Ng8 1/2-1/2